The Historian and the Business of Insurance (Record no. 3635)
[ view plain ]
| 000 -LEADER | |
|---|---|
| fixed length control field | 00391nam a2200133Ia 4500 |
| 020 ## - INTERNATIONAL STANDARD BOOK NUMBER | |
| International Standard Book Number | 0719009987 |
| 082 ## - DEWEY DECIMAL CLASSIFICATION NUMBER | |
| Classification number | 368.0941 HIS |
| 100 ## - MAIN ENTRY--PERSONAL NAME | |
| Personal name | Westall, O. M. |
| 9 (RLIN) | 4735 |
| 245 #4 - TITLE STATEMENT | |
| Title | The Historian and the Business of Insurance |
| 260 ## - PUBLICATION, DISTRIBUTION, ETC. | |
| Place of publication, distribution, etc. | London: |
| Name of publisher, distributor, etc. | British Library Cataloguing in Publication Data |
| Date of publication, distribution, etc. | 1984 |
| 300 ## - PHYSICAL DESCRIPTION | |
| Extent | ix, 196p. :ill. ;23cm |
| 650 ## - SUBJECT ADDED ENTRY--TOPICAL TERM | |
| Topical term or geographic name entry element | Manchester Universty press |
| 9 (RLIN) | 4736 |
| 942 ## - ADDED ENTRY ELEMENTS (KOHA) | |
| Koha item type | Books |
| Withdrawn status | Lost status | Damaged status | Not for loan | Collection code | Home library | Current library | Shelving location | Date acquired | Total Checkouts | Full call number | Barcode | Date last seen | Price effective from | Koha item type |
|---|---|---|---|---|---|---|---|---|---|---|---|---|---|---|
| Non-fiction | IFM Main Campus Library | IFM Main Campus Library | Archival Collection | 09/15/2021 | 368.0941 HIS | 0000001689 | 05/15/2015 | 02/19/2022 | Books |
